Alive for Five? (Literature Edition) Quiz Stats

 Plays Quiz Updated Jul 17, 2015

Challenge
Share
Tweet
Embed
Score 0/20 Timer 04:00
0 Plays Today
Author More or Fewer % Correct
J.K. Rowling???
94.8%
Ernest Hemingway???
89.9%
Michael Crichton???
87.8%
Harper Lee???
83.3%
John Updike???
79.7%
Toni Morrison???
76%
James Michener???
72.4%
Norman Mailer???
72%
J.D. Salinger???
69.6%
Margaret Mitchell???
69.5%
Author More or Fewer % Correct
Sylvia Plath???
66.3%
Salman Rushdie???
65.2%
Emily Brontë???
63.1%
Anna Sewell???
59%
Alex Haley???
55%
David Foster Wallace???
53.7%
Willa Cather???
53.2%
Norman Maclean???
53.2%
Thornton Wilder???
53.1%
Oscar Wilde???
41.7%

You're not logged in!

Compare scores with friends on all Sporcle quizzes.
Join for Free
OR
Log In

You Might Also Like...

Show Comments

Extras

Top Quizzes Today


Score Distribution

Your Account Isn't Verified!

In order to create a playlist on Sporcle, you need to verify the email address you used during registration. Go to your Sporcle Settings to finish the process.

Report this User

Report this user for behavior that violates our Community Guidelines.

Details: